Miasta w województwie pomorskim - Statystyki

Ogólne statystyki
  • Ten quiz został rozwiązany 216 razy
    37 od ostatniego zresetowania
  • Średni wynik to 33 z 43
Statystyki odpowiedzi
Miasto Liczba mieszkańców % Poprawnych
Chojnice 38 225
100%
Gdańsk 489 160
100%
Gdynia 239 325
100%
Hel 2687
100%
Sopot 31 300
100%
Władysławowo 9037
100%
Kościerzyna 23 250
95%
Starogard Gdański 44 870
95%
Tczew 56 170
95%
Wejherowo 45 308
95%
Jastarnia 2556
90%
Kwidzyn 36 375
90%
Malbork 36 339
90%
Słupsk 84 409
90%
Sztum 8781
90%
Pruszcz Gdański 32 257
85%
Reda 29 017
85%
Rumia 53 949
85%
Bytów 16 089
80%
Lębork 33 687
80%
Nowy Dwór Gdański 9335
80%
Kartuzy 13 540
75%
Krynica Morska 1143
75%
Łeba 2996
75%
Puck 10 289
75%
Ustka 13 310
75%
Człuchów 12 821
70%
Miastko 9120
70%
Żukowo 6718
70%
Czersk 9729
65%
Gniew 5974
65%
Brusy 5032
60%
Dzierzgoń 4781
60%
Kępice 3206
60%
Nowy Staw 3894
60%
Pelplin 7045
60%
Skarszewy 6523
60%
Czarna Woda 2634
55%
Czarne 5500
55%
Kobylnica 4998
55%
Prabuty 7953
55%
Debrzno 4774
50%
Skórcz 3426
50%
Nie znaleziono quizów pasujących do podanych kryteriów
Rozkład punktacji
Procent ludzi z każdym wynikiem
Percentyl według liczby udzielonych odpowiedzi
Twoja historia wyników
Nie rozwiązałeś tego quizu od ostatniego zresetowania